Airlines of Mexico - Statistics

General Stats
  • This quiz has been taken 8 times
  • The average score is 4 of 15
Answer Stats
Answer % Correct
Aeromexico
100%
Volaris
57%
Viva
43%
Aeromar
29%
Interjet
29%
Mexicana de Aviación
29%
Mexicana de Aviación (1921-2010)
29%
AeroUnion
14%
Aerus
14%
Aviacsa
14%
Más Air
14%
Aeronaves TSM
0%
Magnicharters
0%
Republicair
0%
TAR Aerolíneas
0%
No matching quizzes found
Score Distribution
Percent of People with Each Score
Percentile by Number Answered
Your Score History
You have not taken this quiz